Grammaticalization : 'The development of some English modal auxiliaries' /

El presente artículo revisa los diversos del novedoso término Mentor y las aplicaciones recientes en el ámbito de la enseñanza del inglés. Presenta, además, algunas experiencias exitosas de programas de Mentoría a la luz de las necesidades del sistema de educacional chileno.

Detalles Bibliográficos
Autor principal: Véliz Campos, Leonardo
Formato: Libro
Lenguaje:portugués
Acceso en línea:Acceso electrónico al documento

MARC

LEADER 00000cam a2200000 a 4500
001 035168
003 UAHC_CL
005 20170803123831.0
008 071113s cl 000 por
040 |a UAHC_CL  |c UAHC_CL  |d UAHC_CL 
100 1 |a Véliz Campos, Leonardo 
245 1 0 |a Grammaticalization :  |b 'The development of some English modal auxiliaries' /  |c Leonardo Véliz Campos. 
500 |a En: Literatura y Linguistica, no. 18, 2007. pp. 213-218\ISSN 0716-5811\Modo de acceso: Internet --(Página web visitada el 13 de noviembre de 2007) 
520 |a El presente artículo revisa los diversos del novedoso término Mentor y las aplicaciones recientes en el ámbito de la enseñanza del inglés. Presenta, además, algunas experiencias exitosas de programas de Mentoría a la luz de las necesidades del sistema de educacional chileno. 
856 |u http://www.scielo.cl/scielo.php?script=sci_arttext&pid=S0716-58112007000100012&lng=es&nrm=iso&tlng=en  |3 Acceso electrónico al documento  |y Acceso electrónico al documento 
900 |a LIT. LINGUêST.-18/07 
942 |c BK 
999 |c 35168  |d 35168